Field performance of polybag and root trainer rubber plants at different stages of growth (Record no. 59391)

MARC details
000 -LEADER
fixed length control field 00542nam a2200205Ia 4500
100 ## - MAIN ENTRY--AUTHOR NAME
Personal name George S
245 #0 - TITLE STATEMENT
Title Field performance of polybag and root trainer rubber plants at different stages of growth
260 ## - PUBLICATION, DISTRIBUTION, ETC. (IMPRINT)
Name of publisher Rubber Science
Year of publication 2013
300 ## - PHYSICAL DESCRIPTION
Number of Pages 197-203
650 ## - SUBJECT ADDED ENTRY--TOPICAL TERM
Topical Term growth
650 ## - SUBJECT ADDED ENTRY--TOPICAL TERM
Topical Term immature rubber
650 ## - SUBJECT ADDED ENTRY--TOPICAL TERM
Topical Term number of whorls
650 ## - SUBJECT ADDED ENTRY--TOPICAL TERM
Topical Term polybag
650 ## - SUBJECT ADDED ENTRY--TOPICAL TERM
Topical Term root trainer
700 ## - ADDED ENTRY--PERSONAL NAME
Personal name Idicula S P
700 ## - ADDED ENTRY--PERSONAL NAME
Personal name Soman T A
700 ## - ADDED ENTRY--PERSONAL NAME
Personal name Syamala V K
942 ## - ADDED ENTRY ELEMENTS (KOHA)
Koha item type Journals
Holdings
Withdrawn status Lost status Damaged status Not for loan Home library Current library Date acquired Serial Enumeration / chronology Koha item type
      Journals RRII Library RRII Library 19/02/2013 Volume 26, Issue 2 Journals